000 00666nam a22002177a 4500
003 KOHA_MİRAKIL
005 20260324114743.0
008 260324b tu ||||| |||| 00| 0 tur d
020 _a9756288329
040 _aTR-AnABB
_btur
_cTR-AnABB
041 _atur
082 _a811.42
_bOZD 2005
100 1 _aÖzden, Yekta Güngör
245 1 0 _aŞiirlerle Atatürk :
_bTürkiye'mizin en yeni, en zengin Atatürk şiirleri seçkisi /
_cYekta Güngör Özden
250 _a4. basım
260 _aAnkara :
_bİleri Yayınevi,
_c2005
300 _a390 sayfa ;
_c20 cm
500 _aYazar imzalı
650 0 4 _aTürk edebiyatı, şiir
942 _2ddc
_cBK
999 _c10007
_d10007
900 _bCan ÇELIK